Chants de Taizé - Statistiques

Statistiques générales
  • Ce quiz a été pris 4 fois
  • Le résultat moyen est 39 sur 175
Statistiques - réponses
Langue Nom % Correct
94 Latin Alleliua
75%
71 Latin Alleliua 10
75%
72 Latin Alleliua 11
75%
73 Latin Alleliua 16
75%
74 Latin Alleliua 17
75%
75 Latin Alleliua 18
75%
76 Latin Alleliua 20
75%
77 Latin Alleliua 22
75%
78 Latin Alleliua 23
75%
69 Latin Alleliua 7
75%
70 Latin Alleliua 8
75%
68 Latin Allelluia 4
75%
96 | 97 Latin Alleluia
75%
1 Français Dans nos obscurités
75%
79 Latin Kyrie 1
75%
84 Latin Kyrie 10
75%
85 Latin Kyrie 12
75%
86 Latin Kyrie 13
75%
87 Latin Kyrie 18
75%
88 Latin Kyrie 19
75%
89 Latin Kyrie 20
75%
90 Latin Kyrie 21
75%
171 Latin Kyrie 22
75%
80 Latin Kyrie 5
75%
81 Latin Kyrie 6
75%
82 Latin Kyrie 8
75%
83 Latin Kyrie 9
75%
10 Latin Laudate Dominum
75%
146 Anglais Our Father
75%
173 Latin Alleluia (canon)
50%
3 Allemand Bleibet hier
50%
17 Catalan El Senyor
50%
23 Latin Laudate omnes gentes
50%
50 Espagnol Nada te turbe
50%
144 Français Notre Père
50%
2 Anglais Wait for the Lord
50%
20 Latin Adoramus te Christe
25%
44 Latin Adoramus te O Christe
25%
169 Latin Alleluia 24
25%
16 Français Bénissez le Seigneur
25%
5 Anglais Bless the Lord
25%
113 Polonais Bóg jest miłościa
25%
35 Latin Bonum est confidere
25%
8 Français C'est toi ma lampe, Seigneur
25%
21 Latin Christe Salvator
25%
45 Latin Christus resurrexit
25%
18 Latin Confitemini Domino
25%
48 Latin Crucem tuam
25%
12 Espagnol De noche
25%
51 Français Dieu ne peut que donner son amour
25%
174 Français Dieu Saint
25%
53 Italien Dona la pace
25%
135 Allemand Frieden, Frieden
25%
64 Français Grande est ta bonté
25%
30 Latin In manus tuas, Pater
25%
46 Latin In te confido
25%
9 Français Jésus le Christ
25%
28 Français Jésus, ma joie
25%
37 Anglais Jesus, remember me
25%
27 Latin Jubilate, Alleluia
25%
120 Allemand Kristus, din Ande
25%
26 Français La ténèbre
25%
130 Latin Magnificat 3
25%
34 Latin Mane nobiscum
25%
58 Latin Misericordias Domini
25%
32 Français Mon âme se repose
25%
7 Français Notre âme attend
25%
33 Latin Nunc dimittis
25%
11 Latin Oculi Nostri
25%
145 Portugais Para mim, ser feliz
25%
38 Latin Psallite Deo
25%
65 Français Qui regarde vers Dieu
25%
56 Latin Sanctum nomen Domini
25%
109 Anglais See, I am near
25%
24 Allemand Singt dem Herrn
25%
36 Latin Spiritus Jesu Christi
25%
40 Latin Surrexit Christus
25%
115 Anglais The kingdom of God
25%
63 Latin Tibi, Deo, gloria
25%
54 Français Toi, tu nous aimes
25%
14 Latin Tui amoris ignem
25%
39 Italien Tu sei sorgente viva
25%
15 Latin Ubi caritas
25%
62 Français Une soif emplit notre âme
25%
52 Latin Veni Sancte Spiritus
25%
59 Latin Venite, exultemus Domino
25%
136 Lituanien Viešpatie, tu viską žinai
25%
139 Allemand Aber du weißt den Weg für mich
0%
166 Latin Adsumus Sancte Spiritus
0%
133 Latin Ad te Jesu Christe
0%
158 Allemand Atme in uns
0%
114 Italien Beati vor poveri
0%
137 Allemand Behüte mich, Gott
0%
151 Latin Benedictus (canon)
0%
47 Latin Benedictus Dominus Deus
0%
123 Espagnol Bengido al Señior
0%
112 Allemand Bleib mit deiner Gnade
0%
100 Russe Bogoroditse Dievo 1
0%
108 Russe Bogoroditse Dievo 2
0%
131 Portugais Cantarei ao Senhor
0%
129 Latin Cantate Domino canticum novum
0%
125 Latin Christe, lux mundi
0%
55 Latin Da pacem cordium (canon)
0%
42 Latin Da pacem ... in diebus (canon)
0%
147 Espagnol Despierta, tú duermes
0%
161 Latin Deus, Deus meus
0%
132 Latin Dominus Spiritus est
0%
117 Latin Dona nobis pacem
0%
167 Latin Dona nobis pacem 2
0%
122 Espagnol El alma que anda en amor
0%
126 Français Esprit consolateur
0%
141 Latin Exaudi orationem meam
0%
162 Grec Exomologisthe to Kyrio
0%
172 Français Fais moi connaître
0%
148 Français Fiez vous en lui
0%
170 Italien Gesù Cristo, da chi andremo
0%
155 Allemand Gib mich ganz zu eigen dir
0%
6 Latin Gloria ... et in terra pax (canon)
0%
25 Latin Gloria, gloria (canon)
0%
104 Serbe / Croate Gospodi A
0%
105 Serbe / Croate Gospodi C
0%
106 Serbe / Croate Gospodi E
0%
159 Suédois Herre, visa mig vägen
0%
156 Français Heureux qui s'abandonne à toi
0%
98 Russe Hristos voskriesie iz miertvih
0%
127 Anglais I am sure I shall see
0%
152 Néerlandais Iedere nacht verlang ik
0%
153 Italien Il Signore ti ristora
0%
118 Latin In resurrectione tua
0%
111 Latin Jesu Christe, Fili Dei
0%
116 Latin Jesu redemptor
0%
143 Anglais Jesus Christ bread of life - Eat this bread
0%
110 Allemand Jubelt und freut euch
0%
61 Latin Jubilate caeli (canon)
0%
31 Latin Jubilate Deo (canon)
0%
150 Latin Laetentur caeli
0%
124 Catalan L'ajuda em vindrà
0%
91 Latin Laudamus te
0%
66 Latin Laudemus Deum
0%
101 Français Les Béatudes
0%
67 Anglais Let all who are thristy come
0%
19 Latin Magnificat (canon)
0%
41 Latin Magnificat (choral)
0%
119 Anglais Nothing can ever
0%
60 Latin O Christe Domine Jesu
0%
29 Latin Ostende nobis (canon)
0%
149 Français Ô toi, l'au delà de tout
0%
163 Polonais Przybądź, Duchu Boży
0%
128 Français Que j'exulte et jubile
0%
103 Français Rendez grâce au Seigneur
0%
140 Français Retourne, mon âme, à ton repos
0%
160 Finnois Sanasi on lamppu
0%
134 Français Seigneur, tu gardes mon âme
0%
154 Espagnol Señior, que florezca tu justicia
0%
95 Roumain Sfinte Dumnezeule
0%
138 Latin Sit nomen Domini
0%
175 Français Souviens-toi de Jésus Christ
0%
157 Tchèque Staňte se soli země
0%
49 Latin Surrexit Dominus vere (canon)
0%
102 | 107 Slovaque Sviaty Bože
0%
164 Latin Tu mecum es
0%
99 Espagnol Tu palabra, Señior
0%
4 Latin Ubiquités caritas Deus ibi est
0%
13 Latin Veni Creator (litanie)
0%
22 Latin Veni Creator Spiritus (canon)
0%
43 Latin Veni Lumen (choral)
0%
92 Latin Veni lumen cordium 1
0%
93 Latin Veni lumen cordium 2
0%
57 Latin Vieni Spirito creatore (canon)
0%
142 Français Voici Dieu qui vient à mon secours
0%
168 Slovène V tebi je izvir življenja
0%
121 Polonais Wysławiajcie Pana
0%
165 Allemand Zu wem solln wir gehen
0%
Aucun quiz correspondant
Distribution des résultats
% des personnes avec chaque résultat
Percentile par nombre de réponses
Votre historique - résultats
Vous n’avez pas pris ce quiz